| Tag |
First Indicator |
Second Indicator |
Subfields |
| LEADER |
00000cam a2200000 4500 |
| 001 |
in00000080217 |
| 005 |
20151008060857.0 |
| 008 |
730910s1956 fr ab b f00110 fre d |
| 010 |
|
|
|a 58030832
|
| 035 |
|
|
|a (OCoLC)00687028
|
| 035 |
|
|
|9 AAJ6792AM
|
| 040 |
|
|
|a MDY
|c MDY
|d TXA
|d UtOrBLW
|
| 049 |
|
|
|a TXAM
|c 1 [956681], 2 [293999]
|
| 090 |
|
|
|a QE220
|b .B83
|
| 100 |
1 |
|
|a Butterlin, Jacques.
|
| 245 |
1 |
3 |
|a La constitution geologique et la structure des Antilles /
|c Pref. de Louis Barrabe.
|
| 264 |
|
1 |
|a [Paris] :
|b Centre national de la recherche scientifique,
|c 1956.
|
| 300 |
|
|
|a vi, 453 pages :
|b maps. (part folded) ;
|c 28 cm.
|
| 336 |
|
|
|a text
|b txt
|2 rdacontent
|
| 337 |
|
|
|a unmediated
|b n
|2 rdamedia
|
| 338 |
|
|
|a volume
|b nc
|2 rdacarrier
|
| 500 |
|
|
|a Summaries in English and Spanish.
|
| 504 |
|
|
|a Includes bibliographies.
|
| 650 |
|
0 |
|a Geology
|z West Indies.
|
| 999 |
|
|
|a MARS
|
| 999 |
f |
f |
|s 892e3007-1068-36b7-9541-4ef8a234002f
|i 3472c718-f590-3977-a367-4b8303f1d2a6
|t 0
|
| 952 |
f |
f |
|p ric
|a Texas A&M University
|b Rellis Campus
|c Joint Library Facility
|d Remote Storage
|t 0
|e QE220 .B83
|h Library of Congress classification
|i unmediated -- volume
|m A14806213933
|
| 998 |
f |
f |
|a QE220 .B83
|t 0
|l Remote Storage
|